Statistics for U.S. States that Start With a Vowel

Click here to take the quiz!

General Stats

  • This quiz has been taken 1,678 times
  • The average score is 10 of 12

Answer Stats

LetterState% Correct
AAlabama
94%
AAlaska
90%
AArkansas
90%
OOhio
90%
UUtah
90%
IIndiana
89%
AArizona
85%
IIdaho
85%
IIllinois
83%
OOregon
83%
IIowa
82%
OOklahoma
78%

Score Distribution

Percentile by Number Answered

Percent of People with Each Score

Your Score History

You have not taken this quiz